<?xml version="1.0" encoding="UTF-8"?><marc:collection xmlns:marc="http://www.loc.gov/MARC21/slim">
  <marc:record>
    <marc:leader>00000nas  2200000za 4500</marc:leader>
    <marc:controlfield tag="001">9.514437</marc:controlfield>
    <marc:controlfield tag="003">CaOODSP</marc:controlfield>
    <marc:controlfield tag="005">20200504111043</marc:controlfield>
    <marc:controlfield tag="007">ta</marc:controlfield>
    <marc:controlfield tag="008">150406c1996||||xxc|| m #||||f|   |0eng|d</marc:controlfield>
    <marc:datafield tag="040" ind1=" " ind2=" ">
      <marc:subfield code="a">CaOODSP</marc:subfield>
      <marc:subfield code="b">eng</marc:subfield>
    </marc:datafield>
    <marc:datafield tag="043" ind1=" " ind2=" ">
      <marc:subfield code="a">n-cn---</marc:subfield>
    </marc:datafield>
    <marc:datafield tag="086" ind1="1" ind2=" ">
      <marc:subfield code="a">C21-22E</marc:subfield>
    </marc:datafield>
    <marc:datafield tag="110" ind1="1" ind2=" ">
      <marc:subfield code="a">Canada.</marc:subfield>
      <marc:subfield code="b">Industry Canada. </marc:subfield>
      <marc:subfield code="b">Industry Sector.</marc:subfield>
    </marc:datafield>
    <marc:datafield tag="245" ind1="1" ind2="0">
      <marc:subfield code="a">Sector competitiveness frameworks </marc:subfield>
    </marc:datafield>
    <marc:datafield tag="260" ind1=" " ind2=" ">
      <marc:subfield code="a">Ottawa - Ontario : </marc:subfield>
      <marc:subfield code="b">Industry Canada. </marc:subfield>
    </marc:datafield>
    <marc:datafield tag="500" ind1=" " ind2=" ">
      <marc:subfield code="a">"A series of studies published by Industry Canada to provide more focused, timely and relevant expertise about businesses and industries. They identify sectors or subsectors having potential for increased exports and other opportunities leading to jobs and growth. In 1996-97, they will cover 29 of Canada's key manufacturing and service sectors."--Foreword.</marc:subfield>
    </marc:datafield>
    <marc:datafield tag="520" ind1="3" ind2=" ">
      <marc:subfield code="a">A series of studies published by Industry Canada to provide more focused, timely and relevant expertise about businesses and industries. They identify sectors or subsectors having potential for increased exports and other opportunities leading to jobs and growth. In 1996-97, they will cover 29 of Canada's key manufacturing and service sectors.--Foreword</marc:subfield>
    </marc:datafield>
    <marc:datafield tag="563" ind1=" " ind2=" ">
      <marc:subfield code="a">Pamphlet</marc:subfield>
    </marc:datafield>
    <marc:datafield tag="775" ind1="0" ind2="8">
      <marc:subfield code="t">Sector competitiveness frameworks </marc:subfield>
      <marc:subfield code="w">(CaOODSP)9.509048</marc:subfield>
    </marc:datafield>
    <marc:datafield tag="775" ind1="0" ind2="8">
      <marc:subfield code="t">Cadres de compétitivité sectorielle </marc:subfield>
      <marc:subfield code="w">(CaOODSP)9.509049</marc:subfield>
    </marc:datafield>
    <marc:datafield tag="775" ind1="0" ind2="8">
      <marc:subfield code="t">Cadres de compétitivité sectorielle </marc:subfield>
      <marc:subfield code="w">(CaOODSP)9.512853</marc:subfield>
    </marc:datafield>
    <marc:datafield tag="776" ind1="0" ind2="#">
      <marc:subfield code="t">Sector competitiveness frameworks.</marc:subfield>
      <marc:subfield code="w">(CaOODSP)9.886763</marc:subfield>
    </marc:datafield>
  </marc:record>
</marc:collection>
